[Event "COL-ch sf"]
[Site "Pereira"]
[Date "2024.03.29"]
[Round "6"]
[White "Lopez, Ricardo Andres"]
[Black "Buitrago Grajales, Juan Carlos"]
[Result "1/2-1/2"]
[WhiteElo "1811"]
[BlackElo "1930"]
[PlyCount "88"]
[EventDate "2024.03.26"]
[EventType "swiss"]
[EventRounds "11"]
[EventCountry "COL"]
[SourceTitle "CB14_2024"]
[SourceDate "2024.04.01"]
[SourceVersion "1"]
[SourceVersionDate "2024.04.01"]
[SourceQuality "1"]

1. e4 e5 2. Nf3 Nc6 3. d4 exd4 4. Nxd4 Nf6 5. Nxc6 bxc6 6. e5 Qe7 7. Qe2 Nd5 8. h4 d6 9. c4 Ba6 10. b3 0-0-0 11. g3 Kb8 12. Bg2 dxe5 13. 0-0 f6 14. Qe4 Nb4 15. a3 Rd4 16. Qe2 Nd3 17. Be3 Rd6 18. Nc3 f5 19. Na4 e4 20. Nc5 Bc8 21. Rad1 Qd8 22. Bg5 Qe8 23. Nxd3 h6 24. Bf4 g5 25. Bxd6 Bxd6 26. c5 Be7 27. Nb4 gxh4 28. Rd4 hxg3 29. Rc1 gxf2+ 30. Kf1 Bb7 31. Na6+ Kc8 32. Rb4 Rg8 33. Rxb7 Kxb7 34. Rc4 Qg6 35. Rb4+ Kc8 36. Rb8+ Kd7 37. Qd2+ Ke6 38. Rxg8 Qxg8 39. Nxc7+ Ke5 40. Qc3+ Kf4 41. Kxf2 Bh4+ 42. Kf1 Qg3 43. Ne6+ Kg4 44. Qg7+ Bg5 1/2-1/2

[Event "COL-ch sf"]
[Site "Pereira"]
[Date "2024.03.26"]
[Round "1"]
[White "Ruiz Aguilar, Pablo Alexander"]
[Black "Lopez, Ricardo Andres"]
[Result "1-0"]
[WhiteElo "2162"]
[BlackElo "1811"]
[PlyCount "53"]
[EventDate "2024.03.26"]
[EventType "swiss"]
[EventRounds "11"]
[EventCountry "COL"]
[SourceTitle "CB14_2024"]
[SourceDate "2024.04.01"]
[SourceVersion "1"]
[SourceVersionDate "2024.04.01"]
[SourceQuality "1"]

1. e4 c5 2. Nf3 d6 3. d4 cxd4 4. Nxd4 Nf6 5. Nc3 a6 6. Be2 e5 7. Nb3 Be6 8. f4 Nc6 9. f5 Bd7 10. Bg5 Be7 11. Qd2 h6 12. Bxf6 Bxf6 13. Qxd6 Be7 14. Qd3 Nb4 15. Qd1 a5 16. a3 Nc6 17. Qd5 Qb6 18. Qd3 Bg5 19. h4 Bd8 20. 0-0-0 Bc8 21. Nd5 Qa7 22. Qg3 0-0 23. f6 g6 24. Bg4 a4 25. Nd2 Qc5 26. Nf3 h5 27. Bxh5 1-0

[Event "Manizales Feria op 29th"]
[Site "Manizales"]
[Date "2024.01.06"]
[Round "3"]
[White "Ocampo Arredondo, Luis Fernando"]
[Black "Lopez, Ricardo Andres"]
[Result "0-1"]
[WhiteElo "1199"]
[BlackElo "1700"]
[PlyCount "78"]
[EventDate "2024.01.05"]
[EventType "swiss"]
[EventRounds "7"]
[EventCountry "COL"]
[SourceTitle "CB02_2024"]
[SourceDate "2024.01.10"]
[SourceVersion "1"]
[SourceVersionDate "2024.01.10"]
[SourceQuality "1"]

1. e4 c5 2. Nf3 d6 3. d4 cxd4 4. Nxd4 Nf6 5. Nc3 a6 6. Bc4 b5 7. Bb3 Bb7 8. f3 e6 9. 0-0 Be7 10. Be3 Nbd7 11. Kh1 Nc5 12. Nde2 Qc7 13. a3 Rd8 14. Qe1 Nxb3 15. cxb3 d5 16. Rc1 Qb8 17. Bf4 e5 18. Bg3 dxe4 19. f4 exf4 20. Bxf4 Bd6 21. Nd1 Bxf4 22. Rxf4 0-0 23. Rxf6 gxf6 24. Ne3 Qe5 25. Ng4 Qg5 26. h3 h5 27. Nh2 Rd2 28. Rc3 e3 29. Nf3 Bxf3 30. gxf3 Rfd8 31. Rc1 Rxe2 32. Qxe2 Rd2 33. Qf1 Rf2 34. Qg1 Rxf3 35. Qh2 e2 36. Rc8+ Kg7 37. Qxe2 Rxh3+ 38. Qh2 Rxh2+ 39. Kxh2 Qd2+ 0-1

[Event "COL-chT Blitz"]
[Site "Santander"]
[Date "2022.09.10"]
[Round "7.3"]
[White "Mateus Urbano, Luis Alejandro"]
[Black "Lopez, Ricardo Andres"]
[Result "1-0"]
[WhiteElo "2211"]
[BlackElo "1506"]
[PlyCount "67"]
[EventDate "2022.09.10"]
[EventType "team-swiss (blitz)"]
[EventRounds "9"]
[EventCountry "COL"]
[SourceTitle "EXT 2023"]
[Source "ChessBase"]
[SourceDate "2022.10.05"]
[SourceVersion "1"]
[SourceVersionDate "2022.10.05"]
[SourceQuality "1"]
[WhiteTeam "Valle"]
[BlackTeam "Valle II"]
[WhiteTeamCountry "COL"]
[BlackTeamCountry "COL"]

1. e4 d5 2. exd5 Nf6 3. Bb5+ Bd7 4. Be2 Bf5 5. Nf3 Nxd5 6. d4 Nc6 7. 0-0 e6 8. a3 Be7 9. c4 Nf6 10. Nc3 0-0 11. h3 h6 12. Be3 Re8 13. b4 Bf8 14. Qb3 Ne4 15. Rad1 Nxc3 16. Qxc3 Qf6 17. b5 Ne7 18. Ne5 Red8 19. Bf3 Rab8 20. Qa5 Ng6 21. Nxg6 Qxg6 22. Kh1 Be4 23. Bxe4 Qxe4 24. Qxc7 Rdc8 25. Qg3 Rxc4 26. Qxb8 f5 27. Qe5 Qxe5 28. dxe5 Bxa3 29. Rd7 a5 30. Rxb7 Bb2 31. Rb1 Bxe5 32. Ra7 a4 33. b6 f4 34. Bc1 1-0

[Event "COL-ch"]
[Site "Boyaca"]
[Date "2022.08.17"]
[Round "1"]
[White "Lopez, Ricardo Andres"]
[Black "Dominguez, Ramiro"]
[Result "1/2-1/2"]
[WhiteElo "1489"]
[BlackElo "2248"]
[PlyCount "77"]
[EventDate "2022.08.17"]
[EventType "swiss"]
[EventRounds "9"]
[EventCountry "COL"]
[SourceTitle "CBM 210 Extra"]
[Source "ChessBase"]
[SourceDate "2022.11.30"]
[SourceVersion "1"]
[SourceVersionDate "2022.11.30"]
[SourceQuality "1"]

1. d4 Nf6 2. c4 e6 3. Nc3 d5 4. Bf4 Bd6 5. Bxd6 Qxd6 6. c5 Qe7 7. Nf3 Nbd7 8. e3 c6 9. Be2 e5 10. 0-0 0-0 11. h3 Re8 12. Re1 b6 13. b4 Bb7 14. Qc2 a5 15. a3 b5 16. Nxb5 cxb5 17. c6 Rac8 18. Bxb5 e4 19. Nd2 Nb8 20. Qa4 Bxc6 21. Qxa5 Rc7 22. Bxc6 Nxc6 23. Qb5 Rb8 24. Qe2 Nd7 25. Rec1 Nb6 26. Rcb1 Qd6 27. Nb3 Nc4 28. Nc5 Ra7 29. b5 Nxa3 30. b6 Ra5 31. Rb3 Nc4 32. Rab1 Qe7 33. b7 g6 34. Qg4 f5 35. Qe2 Ra7 36. Rc3 N6a5 37. Ra1 Raxb7 38. Nxb7 Qxb7 39. Rcc1 1/2-1/2

[Event "COL-ch"]
[Site "Boyaca"]
[Date "2022.08.17"]
[Round "2"]
[White "Torres, Jorge Emilio"]
[Black "Lopez, Ricardo Andres"]
[Result "1-0"]
[WhiteElo "2005"]
[BlackElo "1489"]
[PlyCount "93"]
[EventDate "2022.08.17"]
[EventType "swiss"]
[EventRounds "9"]
[EventCountry "COL"]
[SourceTitle "CBM 210 Extra"]
[Source "ChessBase"]
[SourceDate "2022.11.30"]
[SourceVersion "1"]
[SourceVersionDate "2022.11.30"]
[SourceQuality "1"]

1. d4 Nf6 2. Nf3 g6 3. b3 Bg7 4. Bb2 d6 5. e3 Nbd7 6. Be2 0-0 7. Nbd2 Re8 8. c4 c5 9. d5 Nf8 10. Qc2 Bf5 11. e4 Bd7 12. 0-0 e5 13. dxe6 Nxe6 14. Rfe1 Bc6 15. Bf1 Qb6 16. Rad1 Rad8 17. Bd3 Nf4 18. Bf1 Nd7 19. Bxg7 Kxg7 20. g3 Ne6 21. Bg2 Nd4 22. Qc3 f6 23. Nh4 Ne5 24. f4 Nf7 25. Qd3 Qa5 26. Nhf3 Nxf3+ 27. Bxf3 a6 28. a4 Qc7 29. Nb1 Nh6 30. Nc3 Ng8 31. Qc2 Ne7 32. Rd2 f5 33. Red1 fxe4 34. Bxe4 Bxe4 35. Nxe4 Nf5 36. Qc3+ Nd4 37. Rxd4 cxd4 38. Qxd4+ Kf7 39. Nxd6+ Kg8 40. c5 Qe7 41. Rc1 Qe3+ 42. Qxe3 Rxe3 43. b4 Rd7 44. b5 axb5 45. axb5 Rd3 46. Kg2 Rd2+ 47. Kh3 1-0

[Event "Medellin Feria de las Flores op"]
[Site "Medellin"]
[Date "2022.08.06"]
[Round "6"]
[White "Lopez, Ricardo Andres"]
[Black "Munoz Monroy, Cinthya Carolina"]
[Result "0-1"]
[WhiteElo "1489"]
[BlackElo "1931"]
[PlyCount "56"]
[EventDate "2022.08.03"]
[EventType "swiss"]
[EventRounds "9"]
[EventCountry "COL"]
[SourceTitle "CBM 209 Extra"]
[Source "ChessBase"]
[SourceDate "2022.09.30"]
[SourceVersion "1"]
[SourceVersionDate "2022.09.30"]
[SourceQuality "1"]

1. d4 Nf6 2. c4 c5 3. d5 b5 4. Qc2 g6 5. e4 d6 6. cxb5 a6 7. Nc3 Bg7 8. Nf3 0-0 9. Bf4 Nbd7 10. a4 Qa5 11. Bd2 h6 12. bxa6 Bxa6 13. Bxa6 Qxa6 14. Nb5 Qb6 15. 0-0 Rfb8 16. Bc3 Ne8 17. Bxg7 Kxg7 18. b3 Qa5 19. Rfb1 f6 20. Qc3 Rxb5 21. axb5 Qxc3 22. Rxa8 Kf7 23. Ra4 Qd3 24. Rba1 Qxb5 25. Ra7 f5 26. e5 Nxe5 27. Nxe5+ dxe5 28. R7a5 Qb4 0-1

[Event "Medellin Feria de las Flores op"]
[Site "Medellin"]
[Date "2022.08.05"]
[Round "5"]
[White "Pereira Vera, Henry Alberto"]
[Black "Lopez, Ricardo Andres"]
[Result "0-1"]
[WhiteElo "1831"]
[BlackElo "1489"]
[PlyCount "76"]
[EventDate "2022.08.03"]
[EventType "swiss"]
[EventRounds "9"]
[EventCountry "COL"]
[SourceTitle "CBM 209 Extra"]
[Source "ChessBase"]
[SourceDate "2022.09.30"]
[SourceVersion "1"]
[SourceVersionDate "2022.09.30"]
[SourceQuality "1"]

1. b3 Nf6 2. Bb2 g6 3. g3 Bg7 4. c4 0-0 5. Bg2 d6 6. d4 Nbd7 7. e3 c6 8. Ne2 Re8 9. 0-0 Nf8 10. Qc2 Qa5 11. a3 Qh5 12. f3 g5 13. Nd2 g4 14. f4 d5 15. e4 dxe4 16. Nxe4 Bf5 17. Nxf6+ exf6 18. Qd2 Rad8 19. Rae1 Be4 20. Nc3 Bxg2 21. Qxg2 Rxe1 22. Rxe1 Rxd4 23. Ne4 Rd3 24. Qc2 Rf3 25. Bxf6 Qa5 26. Ra1 Qb6+ 27. Kh1 Qxb3 28. Qc1 Qe3 29. Qb1 Ng6 30. Bxg7 Kxg7 31. Qb2+ Kf8 32. Ng5 Qc3 33. Qb1 Rf2 34. Qg1 h6 35. Rc1 Rc2 36. Qc5+ Kg7 37. Rf1 hxg5 38. Qxg5 Qxc4 0-1

[Event "COL-ch U14"]
[Site "Bucaramanga"]
[Date "2022.05.07"]
[Round "6"]
[White "Bermudez Avalo, Juan Pablo"]
[Black "Lopez, Ricardo Andres"]
[Result "1-0"]
[WhiteElo "1029"]
[BlackElo "1537"]
[PlyCount "71"]
[EventDate "2022.05.04"]
[EventType "swiss"]
[EventRounds "9"]
[EventCountry "COL"]
[SourceTitle "EXT 2023"]
[Source "ChessBase"]
[SourceDate "2022.10.05"]
[SourceVersion "1"]
[SourceVersionDate "2022.10.05"]
[SourceQuality "1"]

1. e4 d5 2. exd5 Qxd5 3. Nc3 Qa5 4. d4 c6 5. Bc4 Nf6 6. Be3 Bf5 7. Nge2 e6 8. a3 Nbd7 9. f3 Bd6 10. Qd2 Qc7 11. g3 Nb6 12. Bb3 Nbd5 13. 0-0-0 b5 14. g4 Bg6 15. g5 Nxe3 16. Qxe3 Nd5 17. Nxd5 cxd5 18. Qc3 Bxh2 19. Rxh2 Qxh2 20. Qc6+ Ke7 21. Qb7+ Kd6 22. Qa6+ Kc7 23. Qxb5 Qd6 24. Ba4 Rhb8 25. Qa5+ Qb6 26. Qc3+ Kd6 27. Qe3 Qxb2+ 28. Kd2 f6 29. gxf6 gxf6 30. Qf4+ Ke7 31. Qc7+ Kf8 32. Qd6+ Kg7 33. Qe7+ Kg8 34. Qxe6+ Bf7 35. Rg1+ Kf8 36. Qd6# 1-0

[Event "Manizales Las Americas op-C"]
[Site "Manizales"]
[Date "2021.10.16"]
[Round "4"]
[White "Munera Garcia, Lina Marcela"]
[Black "Lopez, Ricardo Andres"]
[Result "0-1"]
[WhiteElo "1205"]
[BlackElo "1467"]
[PlyCount "44"]
[EventDate "2021.10.14"]
[EventType "swiss"]
[EventRounds "9"]
[EventCountry "COL"]
[SourceTitle "EXT 2023"]
[Source "ChessBase"]
[SourceDate "2022.10.05"]
[SourceVersion "1"]
[SourceVersionDate "2022.10.05"]
[SourceQuality "1"]

1. e4 c5 2. Nf3 d6 3. d4 cxd4 4. Nxd4 Nf6 5. Nc3 a6 6. Be2 e5 7. 0-0 exd4 8. Qxd4 Nc6 9. Qe3 Be7 10. f4 0-0 11. e5 dxe5 12. fxe5 Nd7 13. e6 Bc5 14. exf7+ Rxf7 15. Rxf7 Bxe3+ 16. Bxe3 Kxf7 17. Rf1+ Nf6 18. Bd3 Be6 19. Bxh7 Qe7 20. g4 Bxg4 21. Nd5 Qe5 22. Nxf6 Qxe3+ 0-1

[Event "Manizales Las Americas op-C"]
[Site "Manizales"]
[Date "2021.10.15"]
[Round "2"]
[White "Obando Yandun, Dario Andres"]
[Black "Lopez, Ricardo Andres"]
[Result "1-0"]
[WhiteElo "1619"]
[BlackElo "1467"]
[PlyCount "39"]
[EventDate "2021.10.14"]
[EventType "swiss"]
[EventRounds "9"]
[EventCountry "COL"]
[SourceTitle "EXT 2023"]
[Source "ChessBase"]
[SourceDate "2022.10.05"]
[SourceVersion "1"]
[SourceVersionDate "2022.10.05"]
[SourceQuality "1"]

1. e4 c5 2. Nf3 d6 3. d4 cxd4 4. Nxd4 Nf6 5. Nc3 a6 6. Bg5 e6 7. Qd2 Be7 8. f3 h6 9. Be3 0-0 10. 0-0-0 Nc6 11. g4 Nxd4 12. Bxd4 Nh7 13. Kb1 b5 14. Qf2 Bh4 15. Qd2 b4 16. Na4 Qa5 17. b3 Bf6 18. Bxf6 Nxf6 19. Qxd6 Bd7 20. Nb2 1-0

[Event "Central America Carribean-ch U20"]
[Site "Pereira"]
[Date "2021.09.25"]
[Round "7"]
[White "Lopez, Ricardo Andres"]
[Black "Mappe, Nicolas"]
[Result "1-0"]
[WhiteElo "1398"]
[BlackElo "1452"]
[PlyCount "39"]
[EventDate "2021.09.21"]
[EventType "swiss"]
[EventRounds "9"]
[EventCountry "COL"]
[SourceTitle "EXT 2023"]
[Source "ChessBase"]
[SourceDate "2022.10.05"]
[SourceVersion "1"]
[SourceVersionDate "2022.10.05"]
[SourceQuality "1"]

1. e4 c6 2. Nc3 d5 3. Nf3 dxe4 4. Nxe4 Nd7 5. d4 Ngf6 6. Ng3 c5 7. Be3 e6 8. h3 Qc7 9. Qd2 Bd6 10. Ne2 b5 11. Nc3 a6 12. a3 c4 13. Be2 Rb8 14. 0-0 0-0 15. b3 b4 16. axb4 cxb3 17. cxb3 Bxb4 18. Rfc1 Nd5 19. Nxd5 Bxd2 20. Rxc7 1-0

[Event "Central America Carribean-ch U20"]
[Site "Pereira"]
[Date "2021.09.24"]
[Round "6"]
[White "Toro Ortega, Jhefferson"]
[Black "Lopez, Ricardo Andres"]
[Result "0-1"]
[WhiteElo "1394"]
[BlackElo "1398"]
[PlyCount "140"]
[EventDate "2021.09.21"]
[EventType "swiss"]
[EventRounds "9"]
[EventCountry "COL"]
[SourceTitle "EXT 2023"]
[Source "ChessBase"]
[SourceDate "2022.10.05"]
[SourceVersion "1"]
[SourceVersionDate "2022.10.05"]
[SourceQuality "1"]

1. d4 Nf6 2. c4 g6 3. f3 Bg7 4. e4 d6 5. Nc3 0-0 6. Be3 Nbd7 7. Nh3 e5 8. d5 Nc5 9. Nf2 Qe7 10. Qd2 Bd7 11. Be2 a5 12. 0-0 Ne8 13. Bg5 f6 14. Bh6 f5 15. g3 f4 16. Bxg7 Nxg7 17. Kg2 Qf7 18. Rab1 g5 19. Nd3 Nxd3 20. Bxd3 g4 21. Be2 Qg6 22. fxg4 Bxg4 23. Bxg4 Qxg4 24. Rf3 fxg3 25. Rxg3 Qh5 26. Rg1 Kh8 27. Kh1 Rf7 28. Qg2 Qh6 29. Nd1 Raf8 30. Rh3 Qf4 31. Qg6 Nh5 32. Qg4 Rg7 33. Qxf4 Rxg1+ 34. Kxg1 Nxf4 35. Rb3 b6 36. Ne3 Ne2+ 37. Kg2 Nd4 38. Rd3 Rf4 39. Nf5 Nxf5 40. exf5 Rxf5 41. Rg3 Rf4 42. b3 Rd4 43. Rf3 Kg7 44. Rf2 Kg6 45. h3 Rd3 46. Rf1 Rd2+ 47. Rf2 Rxf2+ 48. Kxf2 Kh5 49. Kg3 Kg5 50. h4+ Kf5 51. Kf3 h6 52. a3 h5 53. b4 axb4 54. axb4 e4+ 55. Ke3 Ke5 56. b5 Kf5 57. Ke2 Kf4 58. Kf2 e3+ 59. Ke2 Ke4 60. Ke1 Kd4 61. Ke2 Kxc4 62. Kxe3 Kxb5 63. Kf4 Kc5 64. Kg5 b5 65. Kxh5 b4 66. Kg6 b3 67. h5 b2 68. h6 b1Q+ 69. Kg7 Kxd5 70. h7 Qxh7+ 0-1

[Event "Central America Carribean-ch U20"]
[Site "Pereira"]
[Date "2021.09.23"]
[Round "4"]
[White "Lopez, Ricardo Andres"]
[Black "Ramirez, Andres Felipe"]
[Result "1-0"]
[WhiteElo "1398"]
[BlackElo "1672"]
[PlyCount "45"]
[EventDate "2021.09.21"]
[EventType "swiss"]
[EventRounds "9"]
[EventCountry "COL"]
[SourceTitle "EXT 2023"]
[Source "ChessBase"]
[SourceDate "2022.10.05"]
[SourceVersion "1"]
[SourceVersionDate "2022.10.05"]
[SourceQuality "1"]

1. e4 c5 2. d4 cxd4 3. c3 dxc3 4. Nxc3 Nc6 5. Nf3 g6 6. Bf4 Bg7 7. Qc2 d6 8. Be2 Nf6 9. 0-0 0-0 10. Rfd1 Qa5 11. a3 a6 12. b4 Qc7 13. Rac1 Nd8 14. e5 Ng4 15. exd6 exd6 16. Bxd6 Qb6 17. Bc5 Qc7 18. Nd5 Qb8 19. Bxf8 Bxf8 20. Nb6 Bf5 21. Qd2 Be4 22. Nxa8 Bxf3 23. Bxf3 1-0

[Event "COL-ch sf"]
[Site "Santa Rosa"]
[Date "2021.08.16"]
[Round "10"]
[White "Lopez, Ricardo Andres"]
[Black "Jaramillo, Carlos Orlando"]
[Result "0-1"]
[WhiteElo "1290"]
[BlackElo "1925"]
[PlyCount "50"]
[EventDate "2021.08.11"]
[EventType "swiss"]
[EventRounds "11"]
[EventCountry "COL"]
[SourceTitle "CBM 204 Extra"]
[Source "ChessBase"]
[SourceDate "2021.11.30"]
[SourceVersion "1"]
[SourceVersionDate "2021.11.30"]
[SourceQuality "1"]

1. e4 Nf6 2. Nc3 Nc6 3. d4 d5 4. e5 Nd7 5. Nxd5 Ndb8 6. Bc4 e6 7. Nc3 Qxd4 8. Nb5 Qxd1+ 9. Kxd1 Na6 10. Nf3 Bd7 11. Be3 0-0-0 12. Ke2 Bc5 13. Nbd4 Bb6 14. c3 h6 15. b4 Ne7 16. a4 Nd5 17. a5 Nxc3+ 18. Kd3 Bxd4 19. Nxd4 Nd5 20. Bxd5 exd5 21. b5 Nc5+ 22. Kc3 Ne4+ 23. Kd3 Kb8 24. Rhc1 g6 25. b6 c5 0-1

[Event "COL-ch sf"]
[Site "Santa Rosa"]
[Date "2021.08.14"]
[Round "6"]
[White "Lopez, Ricardo Andres"]
[Black "Loaiza Cuervo, Santiago"]
[Result "1-0"]
[WhiteElo "1290"]
[BlackElo "1753"]
[PlyCount "83"]
[EventDate "2021.08.11"]
[EventType "swiss"]
[EventRounds "11"]
[EventCountry "COL"]
[SourceTitle "CBM 204 Extra"]
[Source "ChessBase"]
[SourceDate "2021.11.30"]
[SourceVersion "1"]
[SourceVersionDate "2021.11.30"]
[SourceQuality "1"]

1. e4 c5 2. d4 cxd4 3. c3 e5 4. Nf3 Nc6 5. cxd4 exd4 6. Nxd4 Nf6 7. Nc3 Bb4 8. f3 0-0 9. Bf4 d5 10. e5 Nxe5 11. Bb5 Ng6 12. Bg3 a6 13. Be2 Re8 14. 0-0 Nh5 15. Bf2 Qg5 16. Qa4 Bh3 17. g3 Bd6 18. f4 Nhxf4 19. Rfe1 Ng2 20. Nf3 Qh6 21. Red1 b5 22. Qd4 b4 23. Bf1 N2f4 24. Nxd5 Bxf1 25. Nxf4 Bxf4 26. Rxf1 Qh5 27. Kg2 Rad8 28. Qxb4 Rd3 29. Ne1 Nh4+ 30. gxh4 Qg6+ 31. Kh1 Qc6+ 32. Ng2 Re4 33. Qb6 Qd5 34. Qxa6 h6 35. Qc8+ Kh7 36. Qc5 Qb7 37. Rad1 Bd6 38. Qf5+ g6 39. Qa5 Rg4 40. Bg3 Bxg3 41. Rxd3 Be1 42. Qd5 1-0